|
|
|
|
| LEADER |
00955nam a2200241 a 4500 |
| 001 |
28585 |
| 003 |
BD-DhAAL |
| 008 |
141123r20102006bg b 000 0 eng d |
| 020 |
|
|
|a 9846431516
|
| 040 |
|
|
|a BD-DhAAL
|c BD-DhAAL
|d BD-DhAAL
|
| 041 |
|
|
|a eng
|
| 082 |
0 |
0 |
|a 822.912
|2 22
|
| 100 |
1 |
|
|a Shaw,Bernard.
|9 6104
|
| 245 |
1 |
0 |
|a Arms and the man :
|b an anti romantic comedy /
|c Bernard Shaw, with introduction by Tuhin Mukherjee.
|
| 260 |
|
|
|a Dhaka :
|b Friends' Book Corner,
|c 2010
|
| 300 |
|
|
|a xvi, 168 p. :
|c 23 cm.
|
| 541 |
|
|
|e 28585
|
| 600 |
1 |
0 |
|a Shaw, Bernard
|d 1856-1950
|9 5730
|
| 650 |
|
0 |
|a English Drama.
|9 6105
|
| 700 |
1 |
|
|a Mukherjee, Tuhin [Introduction]
|9 6106
|
| 942 |
|
|
|2 ddc
|c BK
|
| 999 |
|
|
|c 33097
|d 33097
|
| 952 |
|
|
|0 0
|1 0
|2 ddc
|4 0
|6 822_912000000000000_SHA
|7 0
|9 44150
|a BRACUL
|b BRACUL
|c GEN
|d 2014-11-23
|e BRAC Institute of Language (BIL)
|l 5
|m 73
|o 822.912 SHA
|p 3010028585
|q 2026-06-02
|r 2025-12-21
|s 2025-12-21
|t 1
|w 2014-11-23
|y BK
|x Transferred from BIL to BRACUL on 06/06/22
|